[Event "Berlin Tegel-B"]
[Site "Berlin"]
[Date "1999.??.??"]
[Round "7"]
[White "Brustkern, Juergen"]
[Black "Lipinsky, Fabian"]
[Result "1-0"]
[WhiteElo "2285"]
[BlackElo "2330"]

1.e4 c5 2.Nc3 Nc6 3.Nge2 Nf6 4.d4 cxd4 5.Nxd4 d6 6.Bc4 Qb6 7.Ndb5 a6 8.Be3 Qa5
9.Nd4 e6 10.O-O Be7 11.Bb3 O-O 12.h3 Bd7 13.f4 Nxd4 14.Bxd4 Bc6 15.Qe1 Kh8
16.f5 e5 17.Bf2 Bd8 18.Rd1 Bb6 19.Rxd6 Bc5 20.Rd3 Bb4 21.a3 Bxc3 22.Rxc3 Bxe4
23.Rc5 Qxe1 24.Rxe1 Rac8 25.c3 Rxc5 26.Bxc5 Rc8 27.Bd6 Bxf5 28.Rxe5 Bg6 29.Re7 Rc6
30.Bb4 b6 31.Bd5 Rc8 32.Bb7 Rd8 33.Bxa6 Nd5 34.Re2 Nf4 35.Rf2 Ne6 36.Bc4 Rd1+
37.Kh2 Ng5 38.Bb3 Rb1 39.h4 Ne4 40.Re2 f5 41.g4 fxg4 42.Bd5 Nf6 43.c4 b5
44.Bc3 Bd3 45.Rf2 bxc4 46.Rxf6  1-0

[Event "Bled opB"]
[Site "Bled"]
[Date "1999.??.??"]
[Round "?"]
[White "Jovanovic, Zoran2"]
[Black "Jakovljevic, Vlado"]
[Result "1-0"]
[WhiteElo "2268"]
[BlackElo "2296"]

1.e4 c5 2.Nc3 Nc6 3.Nf3 d6 4.d4 cxd4 5.Nxd4 e6 6.Be3 Nf6 7.Bc4 a6 8.Bb3 Na5
9.Qe2 Qc7 10.O-O-O Nxb3+ 11.axb3 b5 12.Bg5 b4 13.Na4 Nd7 14.f4 Nc5 15.Nxc5 Qxc5
16.Rhe1 Bd7 17.f5 a5 18.e5 d5 19.fxe6 Bxe6 20.Nxe6 fxe6 21.Qh5+ Kd7 22.Qf7+ Be7
23.Rxd5+ exd5 24.Rd1 Kc8 25.Bxe7 Qc6 26.Rxd5 Ra7 27.Qf5+ Kb8 28.Bd6+ Ka8
29.Rc5 Qb7 30.Qg4 Qa6 31.Qe4+ Qb7 32.Qc4 Qd7 33.Qd5+ Qb7 34.Rc6 a4 35.bxa4 Rxa4
36.b3 Ra7 37.Kb2 Re8 38.e6 g6 39.e7  1-0

[Event "Budapest FS09 Elo"]
[Site "Budapest"]
[Date "1999.??.??"]
[Round "2"]
[White "Broehl, Stefan"]
[Black "Jelic, Neven"]
[Result "1/2-1/2"]
[WhiteElo "2195"]
[BlackElo "2095"]

1.e4 c5 2.Nc3 Nc6 3.Nf3 Nf6 4.Bb5 d6 5.e5 Nd7 6.exd6 exd6 7.O-O Be7 8.d4 a6
9.Bd3 Nf6 10.d5 Nb8 11.h3 b5 12.Bg5 O-O 13.Rb1 b4 14.Bxf6 Bxf6 15.Ne4 Be7
16.c3 a5 17.Qd2 Nd7 18.Ng3 Nf6 19.Rfe1 Re8 20.Re2 Bd7 21.Rbe1 Bf8 22.Rxe8 Bxe8
23.Nf5 Bd7 24.N3h4 Bxf5 25.Nxf5 Qd7 26.Qg5 Re8 27.Rxe8 Qxe8 28.cxb4 axb4
29.Qe3 Qd7 30.Qf3 g6 31.Ne3 Ne8 32.Qe2 Nf6 33.Bb5 Qa7 34.Qc4 Bh6 35.Nc2 Kg7
36.a4 bxa3 37.bxa3 Qa5 38.Qd3 Nxd5 39.a4 Nf4 40.Qxd6 Qc3 41.Ne3 Ne6 42.Qd3 Qe1+
43.Qf1 Qa5 44.Ng4 Bd2 45.Qe2 Qc3 46.Qe5+ Qxe5 47.Nxe5 Bf4 48.Nd7 Bd2 49.Kf1 Bb4
50.Ke2 Nf4+ 51.Kf3 g5 52.h4 f6 53.hxg5 fxg5 54.g3 Ne6 55.Ke4 Nd4 56.Kd5 Be1
57.Nxc5 Bxf2 58.Bd3 Nf3 59.Ne4 Be1 60.g4 h6 61.Nd6 Nh4 62.Nc4 Ng2 63.Be4 Nf4+
64.Kc6 h5 65.gxh5 Nxh5 66.Ne5 Kf6 67.Nd3 Bc3 68.Kb5 Nf4 69.Nb4 Ke5 70.Bb7 Bxb4
71.Kxb4 Kd6 72.Kb5 Kc7 73.Be4 Ne6 74.Kc4 Kb6 75.Kd5 Ka5 76.Bc2 g4 77.Ke4 g3  1/2-1/2

[Event "Cannes op"]
[Site "Cannes"]
[Date "1999.??.??"]
[Round "5"]
[White "Mrdja, Milan"]
[Black "Therkildsen, Thomas"]
[Result "1-0"]
[WhiteElo "2410"]
[BlackElo "2144"]

1.e4 c5 2.Nf3 Nc6 3.Nc3 e5 4.Bc4 d6 5.d3 Be7 6.O-O Nf6 7.Ng5 O-O 8.f4 h6
9.Nf3 exf4 10.Bxf4 Be6 11.Nd5 Bxd5 12.Bxd5 Nxd5 13.exd5 Nb4 14.c4 Qd7 15.a3 Na6
16.Kh1 b5 17.Nd2 Nc7 18.b4 cxb4 19.axb4 Rfb8 20.Rb1 a5 21.bxa5 Rxa5 22.Nb3 Ra2
23.Nd4 Bf6 24.Nc6 Rba8 25.Bxh6 Ra1 26.Qf3 bxc4 27.dxc4 R8a3 28.Qf2 Qg4 29.Rxa1 Rxa1
30.Rxa1 Bxa1 31.Bf4 Ne8 32.h3  1-0

[Event "Canovelles opA"]
[Site "Canovelles"]
[Date "1999.??.??"]
[Round "4"]
[White "Casas Saez, P."]
[Black "Roig Gorina, H."]
[Result "0-1"]
[WhiteElo "1960"]
[BlackElo "2035"]

1.e4 c5 2.Nf3 Nc6 3.Nc3 g6 4.d3 Bg7 5.Be3 d6 6.Qd2 Nd4 7.Bxd4 cxd4 8.Ne2 Qb6
9.c3 dxc3 10.Nxc3 Nf6 11.h3 O-O 12.Be2 a5 13.O-O a4 14.d4 e6 15.Rfd1 Qa5
16.Re1 Bd7 17.Bd3 a3 18.bxa3 Rfc8 19.Rec1 Rc7 20.a4 Rac8 21.Ne2 Qxd2 22.Nxd2 Bh6
23.Rxc7 Rxc7 24.Nc4 Nxe4 25.Bxe4 d5 26.Nd6 dxe4 27.Rb1 Bc6 28.Nc3 f5 29.Kf1 Bg7
30.Ncb5 Rd7 31.Rd1 Bf8 32.Nc4 Bd5 33.Ne5 Rd8 34.Rd2 Bg7 35.Rc2 Bxe5 36.dxe5 Bc6
37.Nd6 Ra8 38.Rb2 Kf8 39.a5 Rxa5 40.Nxb7 Rxe5 41.Nd6 Ra5 42.Ke1 Bd5 43.Ke2 Rxa2
44.Rxa2 Bxa2 45.Ke3 Ke7 46.Nb5 Bc4 47.Nc3 Bf1  0-1

[Event "Cappelle op"]
[Site "Cappelle la Grande"]
[Date "1999.??.??"]
[Round "9"]
[White "Degraeve, Jean Marc"]
[Black "Lelchuk, Zoja"]
[Result "1-0"]
[WhiteElo "2536"]
[BlackElo "2373"]

1.e4 c5 2.Nf3 Nc6 3.Nc3 g6 4.d4 cxd4 5.Nxd4 Bg7 6.Be3 Nf6 7.Bc4 O-O 8.Bb3 a5
9.a4 Ng4 10.Qxg4 Nxd4 11.Qh4 Bf6 12.Qg3 d6 13.Nd5 Nxb3 14.Nxf6+ exf6 15.cxb3 Re8
16.Qf4 Re6 17.f3 Bd7 18.Rd1 Qe7 19.Kf2 Re8 20.Rd3 Bc6 21.Rc1 g5 22.Qg3 h6
23.h4 Kh7 24.Rh1 Rg8 25.Qg4 Re5 26.hxg5 fxg5 27.Bd4 Bd7 28.Qh5 Re6 29.Bc3 Reg6
30.g4 b6 31.Qh2 Qe6 32.Rhd1 Qxb3 33.Rxd6 Bxa4 34.Qe5 Re8 35.Qf5 Re7 36.Rxg6 fxg6
37.Qf8  1-0

[Event "Cappelle op"]
[Site "Cappelle la Grande"]
[Date "1999.??.??"]
[Round "9"]
[White "Shaw, John"]
[Black "Ippolito, Manuel"]
[Result "1/2-1/2"]
[WhiteElo "2425"]
[BlackElo "2289"]

1.e4 c5 2.Nc3 Nc6 3.Bb5 Nd4 4.Nf3 Nxb5 5.Nxb5 d6 6.O-O a6 7.Nc3 e5 8.d3 h6
9.Nd2 Nf6 10.a4 b6 11.Nc4 Be7 12.f4 O-O 13.Kh1 exf4 14.Bxf4 Be6 15.Qf3 d5
16.exd5 Nxd5 17.Nxd5 Bxd5 18.Qg3 Bh4 19.Qg4 f5 20.Qg6 Qf6 21.Qxf6 Rxf6 22.Ne3 Bb7
23.Kg1 g6 24.Bxh6 Re6 25.g3 Bf6 26.h4 Bxb2 27.Rab1 Bd4 28.Kf2 Rae8 29.Rfe1 Bc3
30.Re2 Ba5 31.c4 Rd8 32.Rb3 Bc6 33.Ra2 Red6 34.Ke2 Kf7 35.Bf4 Re6 36.Kf2 Rd7
37.Bg5 Bb4 38.Nc2 Ba5 39.Be3 Red6 40.Ke2 Bg2 41.Bf4 Re6+ 42.Kf2 Bc6 43.Be3 Red6
44.Ke2 Bg2 45.Bf4 Re6+ 46.Kf2 Bc6 47.Be3 Red6 48.Ke2 Bg2 49.Bf4 Re6+  1/2-1/2

[Event "Ceske Budejovice op"]
[Site "Ceske Budejovice"]
[Date "1999.??.??"]
[Round "9"]
[White "Dolezal, Jiri"]
[Black "Michenka, Jozef"]
[Result "0-1"]
[WhiteElo "2235"]
[BlackElo "2375"]

1.e4 c5 2.Nc3 Nc6 3.Nge2 g6 4.g3 Bg7 5.Bg2 e6 6.O-O Nge7 7.b3 O-O 8.Bb2 d6
9.d3 b5 10.Qc1 Rb8 11.Nd1 Nd4 12.Qd2 b4 13.c3 bxc3 14.Ndxc3 Qa5 15.Nxd4 Bxd4
16.Qc1 Ba6 17.Rd1 Nc6 18.Ne2 Bxb2 19.Qxb2 Rfc8 20.Rd2 Ne5 21.Qc2 Qb6 22.h3 Bb5
23.Rf1 a5 24.Kh2 Qa6 25.Rfd1 a4 26.f4 Nc6 27.Qc3 axb3 28.axb3 Qb6 29.h4 Nb4
30.h5 Qd8 31.d4 Qf8 32.hxg6 hxg6 33.dxc5 dxc5 34.Qf6 Bxe2 35.Rxe2 Nc6 36.f5 Nd4
37.Rf2 gxf5 38.Bh3 Qg7 39.Qxg7+ Kxg7 40.exf5 Rxb3 41.fxe6 fxe6 42.Rdf1 Rh8
43.Kg2 Rb7 44.Bg4 c4 45.Rf4 Rb2+ 46.Kg1 Rhh2 47.Bf3 e5 48.Rg4+ Kh6 49.Rg8 Nxf3+
50.Rxf3 Rhc2 51.Rf6+ Kh7 52.Rc8 c3 53.Rc7+ Kg8 54.Rf3 e4 55.Rf4 Rc1+ 56.Rf1 Rxf1+
57.Kxf1 c2  0-1

[Event "WLS-ch"]
[Site "Chepstow"]
[Date "1999.??.??"]
[Round "4"]
[White "Zeidler, Sven P"]
[Black "Binks, Michael"]
[Result "1-0"]
[WhiteElo "2222"]
[BlackElo "2118"]

1.e4 c5 2.Nc3 Nc6 3.Bb5 g6 4.Bxc6 bxc6 5.f4 Bg7 6.Nf3 d6 7.d3 Nf6 8.O-O O-O
9.Qe1 d5 10.e5 Ng4 11.Na4 c4 12.dxc4 dxc4 13.h3 Nh6 14.g4 f6 15.Be3 Be6 16.Rd1 Bd5
17.Nc3 fxe5 18.Nxe5 Qb8 19.Nxd5 cxd5 20.Nd7 Qxb2 21.Nxf8 Rxf8 22.Rxd5 Qxc2
23.Bxa7 Qxa2 24.Bd4 Bxd4+ 25.Rxd4 Qb3 26.Kg2 c3 27.Qb1 Qe6 28.Qe4 Qb6 29.Rb4 Qd6
30.Qc4+ Nf7 31.Qxc3 Qd5+ 32.Kg1 Rd8 33.Rfb1 Qd6 34.Qe3 e5 35.Rb6 Qc7 36.Rc1 exf4
37.Rxc7 fxe3 38.Re7 Rd1+ 39.Kg2 Rd2+ 40.Kf3  1-0

[Event "WLS-ch"]
[Site "Chepstow"]
[Date "1999.??.??"]
[Round "6"]
[White "Gilbert, Jonathan A"]
[Black "Cordy, Steven"]
[Result "1-0"]
[WhiteElo "2100"]
[BlackElo "2255"]

1.e4 c5 2.Nc3 Nc6 3.Nf3 e5 4.Bc4 d6 5.d3 Be7 6.Nd5 Nf6 7.Nxe7 Qxe7 8.Qe2 Bg4
9.c3 O-O 10.h3 Be6 11.Bg5 h6 12.Bh4 g5 13.Nxg5 hxg5 14.Bxg5 Bxc4 15.Qf3 Kg7
16.dxc4 Qe6 17.O-O-O Nh7 18.Be3 Rg8 19.h4 Rad8 20.b3 Kf8 21.g3 a6 22.Qe2 Ke7
23.Rdg1 Kd7 24.g4 Kc7 25.f3 Rb8 26.g5 b5 27.cxb5 axb5 28.h5 Nf8 29.Rh2 b4
30.c4 Nd4 31.Bxd4 cxd4 32.Qd2 Nd7 33.h6 Nf8 34.h7 Rh8 35.Rh6 Ng6 36.a3 Qc8
37.a4 Kc6 38.Kb2 Nf4 39.c5 Ng6 40.Rc1 dxc5 41.f4 Kb7 42.Qd3 Ka7 43.f5 Nf4
44.Qc4 Rb6 45.Rxb6 Kxb6 46.Rh1 f6 47.Rh6 Ka7 48.Qf7+ Ka8 49.Qxf6 c4 50.bxc4 Nd3+
51.Kb1 Rf8 52.Qxf8 Qxf8 53.h8=Q Qxh8 54.Rxh8+ Kb7 55.g6 Nc5 56.g7 d3  1-0

[Event "Creon op"]
[Site "Creon"]
[Date "1999.??.??"]
[Round "?"]
[White "Fressinet, Laurent"]
[Black "Nevednichy, Vladislav"]
[Result "1/2-1/2"]
[WhiteElo "2424"]
[BlackElo "2505"]

1.e4 c5 2.Nc3 Nc6 3.Nf3 d6 4.d4 cxd4 5.Nxd4 Nf6 6.f3 e5 7.Nb3 Be7 8.Be3 O-O
9.Qd2 a5 10.Bb5 Be6 11.Rd1 Nb8 12.O-O Nbd7 13.Qf2 Qc7 14.Rd3 Rfc8 15.Rfd1 h6
16.a4 Bxb3  1/2-1/2

[Event "CUB-ch (Women)"]
[Site "CUB"]
[Date "1999.??.??"]
[Round "?"]
[White "Fleitas, Yuleikis"]
[Black "Campos, Milena"]
[Result "1-0"]
[WhiteElo "2130"]
[BlackElo "2105"]

1.e4 c5 2.Nf3 Nc6 3.Nc3 d6 4.d4 cxd4 5.Nxd4 Nf6 6.Bg5 e6 7.Bb5 Bd7 8.Bxc6 bxc6
9.Qf3 Qa5 10.Bxf6 gxf6 11.Qxf6 Rg8 12.Qf3 Rb8 13.Nb3 Qg5 14.Qg3 h6 15.Qxg5 Rxg5
16.g3 e5 17.O-O-O Be7 18.Na5 Rg6 19.Rd3 Rb4 20.Rhd1 Rf6 21.f3 Rd4 22.Ne2 Ra4
23.Nb7 d5 24.exd5 cxd5 25.Nc3 Rb4 26.Na5 Bf5 27.Rxd5 e4 28.a3 Rb8 29.Nxe4 Bxe4
30.fxe4 Rf2 31.Rd7 Rc8 32.c3 Rxh2 33.Rxa7 Bg5+ 34.Kb1 Rg2 35.Nb7 Be7 36.e5 Rb8
37.b4 Rxg3 38.Kc2 Rc8 39.Rd3 Rg2+ 40.Kb3 Kf8 41.Nd6 Rd8 42.Rf3 Bxd6 43.Rfxf7+ Kg8
44.exd6 Rxd6 45.Rfd7 Rxd7 46.Rxd7 h5 47.Rd5 Rh2 48.b5 Rh1 49.Kb4 h4 50.b6 h3
51.Rh5 Rh2 52.Ka5 Kg7 53.b7 Rb2 54.Ka6 Rb3 55.a4 Ra3 56.b8=Q  1-0

[Event "CZE-chT2 9899"]
[Site "CZE"]
[Date "1999.??.??"]
[Round "?"]
[White "Cernousek, Lukas"]
[Black "Maskova, Jana"]
[Result "1-0"]
[WhiteElo "2175"]
[BlackElo "2230"]

1.e4 c5 2.Nf3 Nc6 3.Nc3 d6 4.d4 cxd4 5.Nxd4 e5 6.Nde2 Nf6 7.Bg5 Be7 8.Bxf6 Bxf6
9.Nd5 O-O 10.Nec3 a6 11.a4 Be6 12.Bd3 g6 13.Ne3 Bg7 14.O-O Rc8 15.Ncd5 Bxd5
16.Nxd5 Ne7 17.Nxe7+ Qxe7 18.Qe2 Kh8 19.Bc4 f5 20.Bd5 fxe4 21.Bxe4 Rc5 22.Rfd1 a5
23.Ra3 Rf6 24.Rf3 d5 25.Bxd5 b6 26.Be4 Rc8 27.Rfd3 Rcf8 28.f3 Bh6 29.Kh1 Qb4
30.b3 Bg7 31.Rd7 R6f7 32.R7d5 Qc3 33.Qb5 Qe3 34.Rd6 Rf6 35.Rd7 Re6 36.Rc7 Ref6
37.Qd7 R6f7 38.Qxf7 Rxf7 39.Rxf7 Kg8 40.Rb7 Bf8 41.h3 h5 42.Rd8  1-0

[Event "CZE-chT2V 9899"]
[Site "CZE"]
[Date "1999.??.??"]
[Round "?"]
[White "Movsesian, Mousheg"]
[Black "Marsalek, Zdenek"]
[Result "1/2-1/2"]
[WhiteElo "2225"]
[BlackElo "2255"]

1.e4 c5 2.Nf3 Nc6 3.Nc3 a6 4.d4 cxd4 5.Nxd4 d6 6.Be3 e5 7.Nb3 Nf6 8.f3 Be6
9.Nd5 Bxd5 10.exd5 Ne7 11.c4 Nf5 12.Bf2 Nd7 13.Bd3 Nh4 14.g3 Ng6 15.h4 Be7
16.h5 Ngf8 17.Qd2 b6 18.Bf5 a5 19.a4 Qc7 20.Qc2 Nc5 21.Nd2 Nfd7 22.Bxd7+ Qxd7
23.Bxc5 bxc5 24.Ne4 f5 25.Nc3 O-O 26.O-O-O Bf6 27.Nb5 Rfe8 28.Rde1 Re7 29.Qd2 e4
30.f4 Bd4 31.b3 e3 32.Qd3 Rb8 33.Re2 Re4 34.Kc2 Rf8 35.Rhh2 Rfe8 36.Re1 Qe7
37.Rhe2 Rb8 38.Kb1 Qf6 39.Ka2 Rd8 40.Nc7 Bc3 41.Rb1 Bd2 42.Ne6 Re8 43.Qc2 R8xe6
44.dxe6 Qxe6 45.Rd1 d5 46.cxd5 Qxd5 47.Rxe3 Rxe3 48.Rxd2 Qe6 49.Qd1 h6 50.Rd6 Qe4
51.Qd5+ Kh7 52.Qxe4 fxe4 53.Re6 Kg8 54.Kb2 Kf7 55.Re5 Rxg3 56.Rxc5 Rf3 57.Rf5+ Ke6
58.Re5+ Kd6 59.Rxe4 Kc6 60.Re5 Kb6 61.Rb5+ Ka6 62.Rf5 Rh3 63.Re5 Kb6 64.Kc2 Ka6
65.Re6+ Kb7 66.Re7+ Kb6 67.Rxg7 Rxh5 68.Rg6+ Ka7 69.Kc3 Rh3+ 70.Kc4 h5 71.f5 Rf3
72.f6 h4 73.Rh6 h3 74.Kd5 Rxb3 75.f7 Rf3 76.Ke6 Re3+ 77.Kd7 Rd3+ 78.Kc6 Rf3
79.Rh7 Ka6 80.Kd5 Rf2 81.Rh6+ Kb7 82.Ke6 Re2+ 83.Kd7 Rd2+ 84.Rd6 Rxd6+ 85.Kxd6 h2
86.f8=Q h1=Q 87.Qe7+ Ka6 88.Qe2+ Ka7 89.Qe3+  1/2-1/2

[Event "CZE-chT2 9899"]
[Site "CZE"]
[Date "1999.??.??"]
[Round "?"]
[White "Stocek, Jiri"]
[Black "Nun, Jiri"]
[Result "1/2-1/2"]
[WhiteElo "2450"]
[BlackElo "2375"]

1.e4 c5 2.Nc3 Nc6 3.Nge2 Nf6 4.f4 e6 5.e5 Nd5 6.Ne4 f5 7.Nf2 d6 8.d4 cxd4
9.Nxd4 dxe5 10.Nxc6 bxc6 11.fxe5 Bc5 12.Qh5+ g6 13.Qf3 Nb4 14.Bd3 Bxf2+ 15.Kxf2 Qd4+
16.Qe3 Nxd3+ 17.cxd3 Qd5 18.b3 f4 19.Qe4 O-O 20.Ba3 Rf5 21.Bd6 a5 22.Rac1 Bd7
23.Rc5 Qxe4 24.dxe4 Rf7 25.a4 Be8 26.Rb1 g5 27.Kf3 Rb7 28.Kg4 Rg7 29.b4 h5+
30.Kf3 axb4 31.Rxb4 Rga7 32.a5 Rxa5 33.Rxa5 Rxa5 34.Rb8 Kf7 35.h4 Rb5 36.Rxb5 cxb5
37.hxg5 Kg6 38.Kxf4 Bc6 39.g3 Ba8 40.Bb4  1/2-1/2

[Event "CZE-chT2V 9899"]
[Site "CZE"]
[Date "1999.??.??"]
[Round "?"]
[White "Kacirek, Petr"]
[Black "Vacek, Radomir"]
[Result "1-0"]
[WhiteElo "2270"]
[BlackElo "2240"]

1.e4 c5 2.Ne2 Nc6 3.Nbc3 g6 4.d4 cxd4 5.Nxd4 Bg7 6.Nde2 Nf6 7.g3 Rb8 8.Bg2 O-O
9.O-O b5 10.Nd5 Na5 11.Bf4 d6 12.Nxe7+ Kh8 13.Bxd6 Bg4 14.Bxb8 Qxb8 15.h3 Qe8
16.hxg4 Qxe7 17.Nc3 Rd8 18.Qf3 Nc4 19.Rfd1 Re8 20.g5 Ne5 21.Qe2 Nfg4 22.Qxb5 Rc8
23.Rd5 Qxg5 24.Qe2 Qh6 25.Rad1 Qh2+ 26.Kf1 Bh6 27.Rd8+ Rxd8 28.Rxd8+ Kg7
29.Nd5 Qh5 30.Nf4 Nh2+ 31.Ke1 Nef3+ 32.Kd1 Bxf4 33.gxf4 Qa5 34.Rd5 Qxa2 35.Bxf3 Qxb2
36.Bg2 Qb1+ 37.Kd2 Qb4+ 38.Kd3 Qa3+ 39.Kd2 Qb4+ 40.Kd3 Qa3+ 41.c3 Qa6+ 42.Kd2 Qa2+
43.Ke3 Qa1 44.Qd2 Ng4+ 45.Kf3 Qg1 46.Bh3 Nh2+ 47.Ke3  1-0

[Event "CZE-chT2 9899"]
[Site "CZE"]
[Date "1999.??.??"]
[Round "?"]
[White "Gdovin, Jan"]
[Black "Paulovic, Martin"]
[Result "1-0"]
[WhiteElo "2235"]
[BlackElo "2205"]

1.e4 c5 2.Nf3 Nc6 3.Nc3 g6 4.d4 Bg7 5.d5 Nd4 6.Nxd4 cxd4 7.Nb5 Qb6 8.Bd3 d6
9.O-O Bd7 10.Na3 Rc8 11.Nc4 Qc7 12.Nd2 e5 13.dxe6 fxe6 14.f4 Ne7 15.Nf3 O-O
16.Qe2 e5 17.fxe5 dxe5 18.b3 h6 19.Bc4+ Kh7 20.a4 Be8 21.Qe1 Bf6 22.Qg3 Bc6
23.Qh3 Ng8 24.Bxg8+ Kxg8 25.Bxh6 Bxe4 26.Bxf8 Rxf8 27.Qe6+ Kg7 28.Rae1 Bf5
29.Qc4 Qxc4 30.bxc4 Re8 31.Nxd4 Bd7 32.Nb5 a6 33.Nc7 Rf8 34.Nd5 Bxa4 35.Nxf6 Rxf6
36.Rxe5  1-0

[Event "CZE-chT2 9899"]
[Site "CZE"]
[Date "1999.??.??"]
[Round "?"]
[White "Cernousek, Lukas"]
[Black "Vyhnalek, Bohuslav"]
[Result "0-1"]
[WhiteElo "2175"]
[BlackElo "2220"]

1.e4 c5 2.Nc3 Nc6 3.Nf3 Nf6 4.Bb5 a6 5.Bxc6 dxc6 6.d3 Bg4 7.h3 Bxf3 8.Qxf3 e5
9.O-O Nd7 10.Qg3 Qf6 11.f4 Qg6 12.Qf3 f6 13.Be3 Bd6 14.Ne2 O-O-O 15.c3 Rhe8
16.a3 exf4 17.Bxf4 Ne5 18.Bxe5 Bxe5 19.b4 c4 20.dxc4 Rd2 21.Rfd1 Red8 22.Rxd2 Rxd2
23.Qe3 Bxc3 24.Nf4 Bd4 25.Qxd4 Rxd4 26.Nxg6 hxg6 27.c5 Rxe4 28.Kf2 a5 29.Kf3 Rc4
30.Re1 Rc3+ 31.Kf4 Kd7 32.Rd1+ Ke6 33.Re1+ Kf7 34.Rb1 Rxa3 35.bxa5 Rxa5 36.Rxb7+ Kg8
37.Rc7 Rxc5 38.g3 g5+ 39.Kg4 Kh7 40.Kh5 Rc3 41.h4 Rxg3 42.Rxc6 g6+  0-1

[Event "CZE-chT 9899"]
[Site "CZE"]
[Date "1999.??.??"]
[Round "5"]
[White "Berzinsh, Roland"]
[Black "Sluka, Radek"]
[Result "1/2-1/2"]
[WhiteElo "2425"]
[BlackElo "2380"]

1.e4 c5 2.Nc3 Nc6 3.Nf3 g6 4.d4 cxd4 5.Nxd4 Bg7 6.Be3 d6 7.Bc4 Nf6 8.f3 O-O
9.Bb3 Bd7 10.Qe2 Na5 11.O-O-O Nxb3+ 12.axb3 Qa5 13.Kb1 Rfc8 14.Qd2 Rab8 15.g4 b5
16.Nd5 Qxd2 17.Rxd2 Nxd5 18.exd5 a5 19.Re1 e5 20.dxe6 fxe6 21.Ne2 d5 22.Bf4 Ra8
23.Nd4 Ra6 24.Be5 Bf8 25.f4 a4 26.Rd3 Rca8 27.Red1 b4 28.bxa4 Rxa4 29.Nb3 Bb5
30.Re3 Bc4 31.Kc1 Bxb3 32.Rxb3 Ra1+ 33.Kd2 Rxd1+ 34.Kxd1 Ra1+ 35.Kd2  1/2-1/2

[Event "CZE-chT 9899"]
[Site "CZE"]
[Date "1999.??.??"]
[Round "6"]
[White "Drbohlav, Frantisek"]
[Black "Krupkova, Petra"]
[Result "1-0"]
[WhiteElo "2265"]
[BlackElo "2295"]

1.e4 c5 2.Nc3 Nc6 3.Nge2 g6 4.d4 cxd4 5.Nxd4 Nxd4 6.Qxd4 Nf6 7.e5 Nh5 8.e6 Bg7
9.exf7+ Kxf7 10.Bc4+ e6 11.Qd3 Rf8 12.Be3 Kg8 13.O-O-O Qc7 14.Nb5 Qe5 15.Bd4 Qf4+
16.Kb1 d5 17.Bb3 Bd7 18.Bxg7 Kxg7 19.f3 a5 20.a3 a4 21.Ba2 Rac8 22.Nd4 Qc7
23.Ne2 Nf6 24.Nc3 b5 25.Rd2 Rb8 26.Qd4 Rb7 27.Qb4 Bc6 28.f4 Qe7 29.Qxe7+ Rxe7
30.Re1 Kf7 31.Kc1 Ne8 32.Ne2 Nd6 33.Nd4 Bd7 34.c3 Ne4 35.Rde2 Nc5 36.Bb1 Rfe8
37.Bc2 Kf6 38.g4 h6 39.h4 Kf7 40.Nf3 Kf6 41.g5+ hxg5 42.fxg5+ Kg7 43.Ne5 Rc8
44.Nxg6 Ree8 45.Ne5 Rc7 46.h5 d4 47.h6+ Kg8 48.cxd4 Nb3+ 49.Kb1 Nxd4 50.Rd2 Nxc2
51.Rxc2 Rxc2 52.Kxc2 Rc8+ 53.Kb1 Be8 54.g6  1-0

[Event "Moravia-chT 9899"]
[Site "CZE"]
[Date "1999.??.??"]
[Round "10"]
[White "Veselovsky, Sergey"]
[Black "Belunek, Vladimir"]
[Result "1-0"]
[WhiteElo "2435"]
[BlackElo "2240"]

1.e4 c5 2.Ne2 Nc6 3.Nbc3 d6 4.d4 cxd4 5.Nxd4 Nf6 6.Bc4 e6 7.Be3 a6 8.Bb3 Na5
9.f4 Qc7 10.O-O Be7 11.Nf3 O-O 12.f5 e5 13.Ne2 Nc4 14.Bg5 b5 15.Bxf6 Bxf6  1-0

[Event "DEN-chT 9899"]
[Site "Denmark"]
[Date "1999.??.??"]
[Round "7"]
[White "Sorensen, Jan"]
[Black "Schandorff, Lars"]
[Result "1/2-1/2"]
[WhiteElo "2401"]
[BlackElo "2527"]

1.e4 c5 2.Nf3 Nc6 3.Nc3 e5 4.Bc4 d6 5.d3 Be7 6.Nd2 Nf6 7.Nf1 Bg4 8.f3 Be6
9.Ne3 O-O 10.O-O Ne8 11.Ncd5 Bg5 12.f4 exf4 13.Nxf4 Bxf4 14.Rxf4 Bxc4 15.Nxc4 d5
16.exd5 Qxd5 17.a4 Nd6 18.Ne3 Qe6 19.Bd2 Rae8 20.Qh5 Qe5 21.Qxe5 Rxe5 22.c3 Rfe8
23.Re1 f6 24.Kf1 Rh5 25.Nc4 Rxe1+ 26.Bxe1 Rd5 27.Nxd6 Rxd6 28.Ke2 Ne5 29.d4 cxd4
30.Rxd4 Rxd4 31.cxd4 Nc4 32.b3 Nb6 33.Kd3 Kf7 34.Ke4 Ke6 35.g4 g6 36.Ba5 Nd5
37.Bd2 Ne7 38.Ba5 b6 39.Be1 f5+ 40.gxf5+ gxf5+ 41.Kf4 h6 42.Bd2 Ng6+ 43.Kf3 h5
44.Be3 Kd5 45.Bf2 a6 46.Bg1 b5 47.axb5 axb5 48.Bf2 Ke6 49.Be3 Ne7 50.Kg3 Nd5
51.Bd2 Kf6 52.Kf3 Kf7 53.Be1 Kg7 54.Bh4 Kg6 55.Bd8 Kh6 56.Bh4 Kg6 57.Bd8 Kh7
58.Bh4 Kh6 59.Bd8 Kh7 60.Bh4 Kh6 61.Bd8 Kg6 62.Bh4 Kf7 63.Bf2 Nb4 64.Be1 Nd5  1/2-1/2

[Event "Dresden op"]
[Site "Dresden"]
[Date "1999.??.??"]
[Round "?"]
[White "Polzin, Rainer"]
[Black "Schlueter, Wolfgang"]
[Result "0-1"]
[WhiteElo "2475"]
[BlackElo "2250"]

1.e4 c5 2.Nc3 Nc6 3.Nf3 d6 4.d4 cxd4 5.Nxd4 Nf6 6.Bc4 Qb6 7.Nxc6 bxc6 8.O-O g6
9.Be3 Qc7 10.h3 Bg7 11.Qd2 O-O 12.Bh6 Bb7 13.Bxg7 Kxg7 14.Rae1 Rad8 15.Qe2 e5
16.Bd3 Rde8 17.Qe3 Qa5 18.a3 d5 19.Qc1 Nd7 20.Kh1 Qc5 21.f4 exf4 22.exd5 cxd5
23.Qxf4 f6 24.Rxe8 Rxe8 25.Nb5 Qb6 26.Nd4 Nc5 27.h4 Ne4 28.c3 Ba6 29.Bxa6 Qxa6
30.Kg1 Re5 31.g4 Qb6 32.g5 Rf5 33.Qe3 Rxf1+ 34.Kxf1 fxg5 35.hxg5 Qxb2 36.Ne6+ Kf7
37.Nf4 Qxa3 38.Nxd5 Qa1+ 39.Kg2 Qa2+ 40.Kf3 Qxd5 41.Qxa7+ Ke6  0-1

[Event "Edinburgh op"]
[Site "Edinburgh"]
[Date "1999.??.??"]
[Round "2"]
[White "Robertson, Ian C"]
[Black "Plaskett, Jim"]
[Result "0-1"]
[WhiteElo "2202"]
[BlackElo "2470"]

1.e4 c5 2.Nc3 Nc6 3.Nf3 d6 4.g3 g6 5.Bg2 Bg7 6.O-O Nf6 7.d3 O-O 8.h3 Rb8
9.Be3 b5 10.Qd2 b4 11.Nd1 Re8 12.Bh6 Bh8 13.Ne3 a5 14.Nc4 Nd7 15.Ng5 Nb6
16.f4 Nxc4 17.dxc4 Bxb2 18.f5 Bxa1 19.fxg6 Bd4+ 20.Kh1 fxg6 21.Rf7 Bf6 22.Rxf6 exf6
23.Qd5+ Be6 24.Nxe6 Ne7 25.Qd2 Qc8 26.Nf4 Qd7 27.e5 fxe5 28.Bd5+ Nxd5 29.Nxd5 Qxh3+  0-1

[Event "Edinburgh op"]
[Site "Edinburgh"]
[Date "1999.??.??"]
[Round "2"]
[White "Wiltshire, Richard"]
[Black "Shaw, John"]
[Result "0-1"]
[WhiteElo "2120"]
[BlackElo "2415"]

1.e4 c5 2.Nc3 Nc6 3.Nf3 g6 4.g3 Bg7 5.Bg2 d6 6.O-O Nf6 7.d3 O-O 8.Bf4 e5
9.Bg5 h6 10.Bd2 Bg4 11.Qc1 Kh7 12.Be3 Nd4 13.Nd2 Qd7 14.Re1 b5 15.f3 Be6
16.a4 b4 17.Ne2 Rac8 18.b3 Nh5 19.Rb1 f5 20.Nxd4 cxd4 21.Bf2 fxe4 22.fxe4 Nf6
23.Nc4 Ng4 24.Rf1 h5 25.Be1 Rxf1+ 26.Bxf1 Rf8 27.Bxb4 Rf2 28.h3 Qf7 29.Qd1 Rh2
30.Be1 Rh1+  0-1

[Event "Edinburgh op"]
[Site "Edinburgh"]
[Date "1999.??.??"]
[Round "4"]
[White "Burnett, Andrew"]
[Black "Gourlay, I."]
[Result "0-1"]
[WhiteElo "2240"]
[BlackElo "1995"]

1.e4 c5 2.Nc3 Nc6 3.Nf3 e6 4.Bb5 a6 5.Bxc6 bxc6 6.d3 d5 7.O-O Nf6 8.Qe2 Be7
9.Ne5 Qc7 10.f4 O-O 11.Rf3 Bd6 12.Rg3 Bxe5 13.fxe5 Qxe5 14.Rg5 Qc7 15.e5 Ne8
16.Bf4 f6 17.Rg3 f5 18.Qf2 d4 19.Ne2 Qb6 20.b3 Nc7 21.h4 Nd5 22.h5 Qc7 23.Re1 Rf7
24.Rg5 Bb7 25.Ng3 Re8 26.Nf1 Qd7 27.Nd2 Nb6 28.a4 a5 29.Nf3 Nd5 30.Nh4 Nxf4
31.Qxf4 c4 32.dxc4 c5 33.Rd1 Qc6 34.Rd2 Qe4 35.Rf2 Qxf4 36.Rxf4 Be4 37.Rf2 Rd8
38.Rd2 Rfd7 39.Rg3 d3 40.cxd3 Rxd3 41.Rgxd3 Rxd3 42.Rxd3 Bxd3 43.Nf3 Bc2
44.Ng5 Bxb3 45.Nxe6 Bxa4 46.Nxc5 Bc2 47.Ne6 Bb3 48.Nd4 Bxc4 49.Nxf5 a4 50.Kf2 a3
51.Nd4 a2 52.Nc2 h6 53.Ke3 Bb3 54.Na1 Bd1 55.Kd4 Bxh5 56.Kd5 Kf7 57.Kd6 Bg4  0-1

[Event "Edinburgh op"]
[Site "Edinburgh"]
[Date "1999.??.??"]
[Round "5"]
[White "Tan, Desmond"]
[Black "Brown, S."]
[Result "1-0"]
[WhiteElo "2165"]
[BlackElo "1970"]

1.e4 c5 2.Nc3 Nc6 3.Bb5 Nd4 4.Bc4 e6 5.Nf3 a6 6.d3 b5 7.Bb3 Bb7 8.O-O Ne7
9.Nxd4 cxd4 10.Ne2 Nc6 11.f4 Be7 12.Ng3 Na5 13.Qg4 g6 14.f5 Nxb3 15.cxb3 Qb6
16.fxg6 fxg6 17.Bg5 Qc5 18.Bxe7 Kxe7 19.Qh4+ Kd6 20.Rac1 Qe5 21.Rf7 Bc6 22.Qe7+ Kc7
23.Qxd7+  1-0

[Event "Eger Agria op"]
[Site "Eger"]
[Date "1999.??.??"]
[Round "?"]
[White "Eberth, Zoltan"]
[Black "Ferencz, Istvan"]
[Result "1-0"]
[WhiteElo "2270"]
[BlackElo "2090"]

1.e4 c5 2.Nf3 Nc6 3.Nc3 g6 4.d4 cxd4 5.Nxd4 Bg7 6.Nde2 Nf6 7.g3 O-O 8.Bg2 d6
9.O-O Bd7 10.h3 Qa5 11.Be3 Rac8 12.Qd2 Ne5 13.Qd1 Nc4 14.Bc1 Qh5 15.Nf4 Qxd1
16.Nxd1 Bc6 17.Re1 Nd7 18.Rb1 b5 19.b3 Ncb6 20.Bb2 Bxb2 21.Nxb2 Rfe8 22.Rbd1 Nf6
23.Rd2 a5 24.e5 dxe5 25.Rxe5 Nbd7 26.Ree2 Bxg2 27.Kxg2 Rc5 28.a4 b4 29.Nc4 Kf8
30.Nd3 Rd5 31.Ne3 Rd6 32.Nb2 Rc6 33.Nbc4 Rc5 34.Ng4 Rec8 35.f4 h5 36.Nge5 Nxe5
37.Rxe5 e6 38.Rxc5 Rxc5 39.Rd8+ Ke7 40.Ra8 Nd5 41.Ra7+ Kf6 42.Kf3 Rc6 43.Rxf7+  1-0

[Event "Eger Agria op"]
[Site "Eger"]
[Date "1999.??.??"]
[Round "?"]
[White "Hajnal, Zoltan"]
[Black "Sebenik, Matej"]
[Result "1/2-1/2"]
[WhiteElo "2300"]
[BlackElo "2190"]

1.e4 c5 2.Nc3 Nc6 3.Nge2 Nf6 4.d4 cxd4 5.Nxd4 e5 6.Ndb5 d6 7.Bg5 a6 8.Na3 b5
9.Bxf6 gxf6 10.Nd5 f5 11.Bd3 Be6 12.Qh5 Rg8 13.g3 Rg4 14.f4 exf4 15.O-O-O fxe4
16.Bxe4 fxg3 17.Nf4 Rxf4 18.Bxc6+ Ke7 19.hxg3 Rf6 20.Bxa8 Qxa8 21.Qg5 Qf3
22.Kb1 Kd7 23.Qc5 Qb7 24.Ka1 Bg4 25.Qd5 Qxd5 26.Rxd5 Bf3 27.Rf1 Bxd5 28.Rxf6 b4
29.Nb1 Bg7 30.Rf4 a5 31.Rh4 Be5 32.Rxh7  1/2-1/2

[Event "Cataluna Club op"]
[Site "ESP"]
[Date "1999.??.??"]
[Round "?"]
[White "Jerez Perez, Alfonso"]
[Black "Asensio Linan, Teodoro"]
[Result "1/2-1/2"]
[WhiteElo "2405"]
[BlackElo "2245"]

1.e4 c5 2.Nc3 Nc6 3.Nge2 Nf6 4.g3 d5 5.Bg2 dxe4 6.Nxe4 e6 7.d3 Be7 8.O-O O-O
9.Be3 Nxe4 10.dxe4 Qb6 11.Qc1 Bd7 12.Rd1 Rfd8 13.c3 a5 14.Qc2 Ne5 15.b3 Ng4
16.Bd2  1/2-1/2